00436nam a2200121Ia 45000010005000000080041000050820027000461000087000732450089001602600024002499010026002739990015002993155241024s9999 xx 000 0 und d aRD/370.97293/R426a/1-T aRepública Dominicana. Ministerio de Educación. Consejo Nacional de Educación 0aActa de sesión extraordinaria del 6 de julio de 2011. Tarifas de colegios privados bSanto Domingoc2011 a2/9/2013 4:09:54 p.m. c9123d9123